000
00280nam a2200109Ia 4500
008
221009s9999 xx 000 0 und d
082
_a
294.592/PRA
100
_a
Bhaktivedanta, A C
_9
24171
245
4
_a
The King of Knowledge
260
_b
The Bhaktivedanta Book Trust
942
_c
BK
999
_c
64571
_d
64571